| 000 | 00840cam a22002651 4500 | ||
|---|---|---|---|
| 001 | 8794807 | ||
| 003 | ARRUPE | ||
| 005 | 20160210115224.0 | ||
| 008 | 730521t19411940sa 000 0 eng | ||
| 010 | _a 43001906 | ||
| 035 | _a(OCoLC)626798 | ||
| 040 |
_aDLC _cOSW _dOCoLC _dDLC |
||
| 042 | _apremarc | ||
| 050 | 1 | 0 |
_aDT767 _b.S5 1941 |
| 100 | 1 |
_aSmuts, Jan Christiaan, _d1870-1950. _922224 |
|
| 245 | 1 | 0 |
_aGreater South Africa, _bplans for a better world; _c Jan Christiaan Smuts... |
| 260 |
_aJohannesburg, _bThe Truth legion, _c1940 |
||
| 300 |
_axi, 191 p. _c25 cm. |
||
| 651 | 0 |
_aSouth Africa _xHistory. _922225 |
|
| 651 | 0 |
_aSouth Africa _xPolitics _921493 |
|
| 700 | 1 |
_aDawson, E. B., _eed. _922226 |
|
| 700 | 1 |
_aRobertson, T. C., _ejoint ed. _922227 |
|
| 906 |
_a7 _bcbc _coclcrpl _du _encip _f19 _gy-gencatlg |
||
| 942 |
_2lcc _cSPC |
||
| 999 |
_c124151 _d124151 |
||